| 000 | 00730nam a22002297a 4500 | ||
|---|---|---|---|
| 005 | 20170124110103.0 | ||
| 010 | _aA-682483 | ||
| 020 |
_c150.00 _a8185938024 |
||
| 035 | _aA-682483 | ||
| 037 | _bCen Lib/Ret | ||
| 040 |
_aDPL _bEN |
||
| 082 |
_a921 _bBHO |
||
| 100 |
_aBhoothalingam, S. _927573 |
||
| 245 |
_aReflections on an era : _cby S. Bhoothalingam _bmemoirs of a civil servant / |
||
| 260 |
_aDelhi _bAffiliated East-West Press _c1993 |
||
| 270 |
_bDelhi _aG-1/16, Ansari Road, Darya Ganj _e110002 |
||
| 300 |
_a205p. _c21cm(Hb) |
||
| 500 | _aIncludes index | ||
| 650 |
_aBhodhalingam, S., -- -1909 _927574 |
||
| 650 |
_aCivil service -- India -- Biography _927575 |
||
| 942 |
_2ddc _cEN _h921 _mBHO |
||
| 999 |
_c129849 _d129849 |
||